<?xml version="1.0" encoding="UTF-8"?>
<record
    xmlns:xsi="http://www.w3.org/2001/XMLSchema-instance"
    xsi:schemaLocation="http://www.loc.gov/MARC21/slim http://www.loc.gov/standards/marcxml/schema/MARC21slim.xsd"
    xmlns="http://www.loc.gov/MARC21/slim">

  <leader>01304cam a2200313 a 4500</leader>
  <controlfield tag="005">20240614081922.0</controlfield>
  <controlfield tag="008">100805s2004||||ck d   | |||| 00| 0 spa d</controlfield>
  <datafield tag="020" ind1=" " ind2=" ">
    <subfield code="a">9589181759</subfield>
  </datafield>
  <datafield tag="041" ind1=" " ind2=" ">
    <subfield code="a">spa</subfield>
  </datafield>
  <datafield tag="092" ind1=" " ind2=" ">
    <subfield code="c">616.075</subfield>
    <subfield code="l">76</subfield>
    <subfield code="s">RUI</subfield>
  </datafield>
  <datafield tag="100" ind1="1" ind2=" ">
    <subfield code="a">Ruiz Morales, &#xC1;lvaro.</subfield>
    <subfield code="9">940</subfield>
  </datafield>
  <datafield tag="245" ind1=" " ind2=" ">
    <subfield code="a">Epidemiolog&#xED;a Cl&#xED;nica.</subfield>
    <subfield code="b">Investigaci&#xF3;n cl&#xED;nica aplicada /</subfield>
    <subfield code="c">&#xC1;lvaro Ruiz Morales.</subfield>
  </datafield>
  <datafield tag="250" ind1=" " ind2=" ">
    <subfield code="a">1a ed.</subfield>
    <subfield code="b">Pr&#xF3;logo de Arturo Morillo.</subfield>
  </datafield>
  <datafield tag="260" ind1=" " ind2=" ">
    <subfield code="a">Bogot&#xE1;: </subfield>
    <subfield code="b">Editorial M&#xE9;dica Internacional ; Editorial M&#xE9;dica Panamericana;</subfield>
    <subfield code="c">2004.</subfield>
  </datafield>
  <datafield tag="300" ind1=" " ind2=" ">
    <subfield code="a">576 p.</subfield>
  </datafield>
  <datafield tag="500" ind1=" " ind2=" ">
    <subfield code="a">Ruiz Morales, A. y Morillo Zarate, L. (2004). Epidemiolog&#xED;a Cl&#xED;nica. Investigaci&#xF3;n cl&#xED;nica aplicada. (1a ed.). Bogot&#xE1; : Editorial M&#xE9;dica Internacional ; Editorial M&#xE9;dica Panamericana. </subfield>
  </datafield>
  <datafield tag="653" ind1=" " ind2=" ">
    <subfield code="a">Definici&#xF3;n de la pregunta de investigaci&#xF3;n</subfield>
  </datafield>
  <datafield tag="653" ind1=" " ind2="3">
    <subfield code="a">El protocolo de investigaci&#xF3;n</subfield>
  </datafield>
  <datafield tag="653" ind1=" " ind2=" ">
    <subfield code="a">Muestra y medici&#xF3;n</subfield>
  </datafield>
  <datafield tag="653" ind1=" " ind2=" ">
    <subfield code="a">Dise&#xF1;os de investigaci&#xF3;n cl&#xED;nica. Estudos primarios</subfield>
  </datafield>
  <datafield tag="653" ind1=" " ind2=" ">
    <subfield code="a">Dise&#xF1;os de investigacion cl&#xED;nica. Investigaci&#xF3;n integrativa</subfield>
  </datafield>
  <datafield tag="653" ind1=" " ind2=" ">
    <subfield code="a">Conducci&#xF3;n de estudios</subfield>
  </datafield>
  <datafield tag="653" ind1=" " ind2=" ">
    <subfield code="a">Aspectos &#xE9;ticos y de autor&#xED;a</subfield>
  </datafield>
  <datafield tag="653" ind1=" " ind2=" ">
    <subfield code="a">An&#xE1;lisis y presentaci&#xF3;n de datos</subfield>
  </datafield>
  <datafield tag="653" ind1=" " ind2=" ">
    <subfield code="a">Utilizaci&#xF3;n de resultados</subfield>
  </datafield>
  <datafield tag="700" ind1="1" ind2=" ">
    <subfield code="a">Morillo Z&#xE1;rate, Luis.</subfield>
    <subfield code="9">941</subfield>
  </datafield>
  <datafield tag="930" ind1=" " ind2=" ">
    <subfield code="a">1121</subfield>
  </datafield>
  <datafield tag="942" ind1=" " ind2=" ">
    <subfield code="2">ddc</subfield>
    <subfield code="c">BK</subfield>
  </datafield>
  <datafield tag="999" ind1=" " ind2=" ">
    <subfield code="c">561</subfield>
    <subfield code="d">561</subfield>
  </datafield>
  <datafield tag="952" ind1=" " ind2=" ">
    <subfield code="0">0</subfield>
    <subfield code="1">0</subfield>
    <subfield code="2">ddc</subfield>
    <subfield code="4">0</subfield>
    <subfield code="7">0</subfield>
    <subfield code="8">REF</subfield>
    <subfield code="a">BFM</subfield>
    <subfield code="b">BFM</subfield>
    <subfield code="c">REF</subfield>
    <subfield code="d">2011-05-13</subfield>
    <subfield code="l">4</subfield>
    <subfield code="m">2</subfield>
    <subfield code="o">616.075 76 RUI</subfield>
    <subfield code="p">1121</subfield>
    <subfield code="r">2017-02-02</subfield>
    <subfield code="s">2017-02-01</subfield>
    <subfield code="t">ej.1</subfield>
    <subfield code="w">2011-05-13</subfield>
    <subfield code="y">REF</subfield>
    <subfield code="z">LIBRO DE CONSULTA</subfield>
  </datafield>
</record>
